name the Batman Arkham Knight characters - Statistics

General Stats
  • This quiz has been taken 817 times
  • The average score is 14 of 15
Answer Stats
Hint Answer % Correct
You Batman
100%
Sidekick Robin
100%
Butler Alfred
99%
makes a judgement with a coin Two Face
97%
short and has a glass eye Penguin
95%
comes from Blüdhaven to give you a gadget Nightwing
94%
question mark Riddler
94%
you save her from the riddler Catwoman
93%
contols plants Poison Ivy
93%
you are the only one who can see him Joker
92%
works with computers Oracle
90%
works with scarecrow and thinks you left him Arkham Knight/Jason Todd
89%
assassin who makes a return from Arkham Origins Deathstroke
84%
opera plays when near one of his victims Professor Pyg
78%
commissiner Jim Gordon
64%
No matching quizzes found
Score Distribution
Percent of People with Each Score
Percentile by Number Answered
Your Score History
You have not taken this quiz